Eureka!: cómo y cuándo se realizaron los grandes inventos
Saved in:
| Hovedforfatter: | |
|---|---|
| Format: | Bog |
| Sprog: | spansk |
| Udgivet: |
Barcelona
Labor
1975
|
| Fag: | |
| Tags: |
Tilføj Tag
Ingen Tags, Vær først til at tagge denne postø!
|
MARC
| LEADER | 00000nam a2200000 a 4500 | ||
|---|---|---|---|
| 001 | UCT3382 | ||
| 003 | CL-VaPUC | ||
| 008 | 961024e19750000SP |||||||||||||||||spa|d | ||
| 082 | 0 | 4 | |a 609 |b BON |2 21 |
| 100 | 0 | |a Bono, Edward de |e author |9 372314 | |
| 245 | 1 | 0 | |a Eureka!: cómo y cuándo se realizaron los grandes inventos |
| 246 | 1 | 0 | |a Historia ilustrada de los inventos: de la rueda al computador |
| 300 | |a 247 p | ||
| 942 | |c BK | ||
| 945 | |d 19961024 00:00:00 |a cmena | ||
| 260 | |a Barcelona |b Labor |c 1975 | ||
| 650 | 7 | |a INVENTOS |2 CL-VaPUC |9 266077 | |
| 650 | 0 | |a Cambio tecnológico |9 334821 | |
| 650 | 0 | |a Historia |9 255047 | |
| 650 | 7 | |a DESCUBRIMIENTOS CIENTIFICOS |2 CL-VaPUC |9 334499 | |
| 650 | 7 | |a INNOVACIONES TECNOLOGICAS |2 CL-VaPUC |9 372315 | |
| 650 | 0 | |a Progreso científico |9 347795 | |
| 650 | 0 | |a Creatividad |9 310816 | |
| 583 | |a last modification |c 19961024 00:00:00 |k Rodrigo Vera | ||
| 999 | |c 253055 |d 253053 | ||
| 952 | |0 0 |1 0 |4 0 |6 609_000000000000000_BON_1975 |7 0 |8 X |9 273499 |a BIBCUR |b BIBCUR |d 2019-11-19 |i 1771752 |o 609 BON 1975 |p 1771752 |r 2025-04-22 |w 2019-11-19 |y BK_X |k BCB | ||